La educación en México a través de los mensajes presidenciales, desde la consumación de la independencia hasta nuestros días / (Record no. 58649)

MARC details
000 -LEADER
campo de control de longitud fija 00773nam a2200193 i 4500
001 - NÚMERO DE CONTROL
campo de control 58649
003 - IDENTIFICADOR DE NÚMERO DE CONTROL
campo de control ES-MaACL
005 - FECHA Y HORA DE LA ÚLTIMA TRANSACCIÓN
campo de control 20230906163844.0
007 - CAMPO FIJO DE DESCRIPCIÓN FÍSICA--INFORMACIÓN GENERAL
campo de control de longitud fija t|
008 - DATOS DE LONGITUD FIJA--INFORMACIÓN GENERAL
campo de control de longitud fija 031023s1926 mx |||| | spa d
245 03 - MENCIÓN DEL TÍTULO
Título La educación en México a través de los mensajes presidenciales, desde la consumación de la independencia hasta nuestros días /
Mención de responsabilidad, etc. prólogo de J.M. Puig Casaurance.
260 ## - PUBLICACIÓN, DISTRIBUCIÓN, ETC.
Lugar de publicación, distribución, etc. México :
Nombre del editor, distribuidor, etc. Secretaría de Educación,
Fecha de publicación, distribución, etc. 1926 (
Fabricante Talleres Gráficos La Nación)
300 ## - DESCRIPCIÓN FÍSICA
Extensión 505 p. ;
Dimensiones 24 cm.
650 #4 - PUNTO DE ACCESO ADICIONAL DE MATERIA--TÉRMINO DE MATERIA
Término de materia o nombre geográfico como elemento de entrada Enseñanza-
Subdivisión geográfica México-
Subdivisión de forma Historia.
9 (RLIN) 168992
651 #4 - PUNTO DE ACCESO ADICIONAL DE MATERIA--NOMBRE GEOGRÁFICO
Nombre geográfico México-
Subdivisión general Política cultural-
Subdivisión de forma Historia.
9 (RLIN) 168993
700 1# - ENTRADA AGREGADA--NOMBRE PERSONAL
Nombre de persona Puig Casauranc, José Manuel.
9 (RLIN) 94258
710 1# - ENTRADA AGREGADA--NOMBRE DE ENTIDAD CORPORATIVA
Nombre de entidad corporativa o nombre de jurisdicción como elemento de entrada México.
Unidad subordinada Secretaría de Educación.
9 (RLIN) 5703
852 ## - LOCALIZACIÓN
Ubicación ES-MaACL
Número de control de estantería A-1194
Holdings
Estatus retirado Estado de pérdida Estado de daño No para préstamo Biblioteca de origen Biblioteca actual Ubicación en estantería Fecha de adquisición Fuente de adquisición Total de préstamos Signatura topográfica completa Código de barras Visto por última vez Precio de reemplazo Tipo de ítem Koha
        Biblioteca del Ateneo de Madrid Biblioteca del Ateneo de Madrid Sala Pecera Planta 1 17/01/2008     A-1194 1061530 23/02/2023 23/02/2023 Libro impreso